000
00342 a2200157 4500
001
59081
020
_a
8526213245
040
_c
Anchieta - Pituba
100
_a
Barbosa Filho, Milton Benedicto
240
1
0
_a
História do Brasil
_l
por
245
1
0
_a
História do Brasil
300
_a
112
362
0
_a
1990
650
4
_a
Brasil
942
_c
BK
999
_c
59081
_d
59081